000
00248nam a22001097a 4500
003
SGT
022
_a
1381-3455
245
_a
ARCHIVES OF PHYSIOLOGY AND BIOCHEMISTRY
260
_a
GERMANY
_b
TAYLOR & FRANCIS
_c
2015
310
_a
YEARLY
942
_2
ddc
_c
LJ
999
_c
8248
_d
8248